000 00749nam a2200253Ia 4500
003 OSt
005 20221005051122.0
006 a|||||r|||| 00| 0
007 ta
008 221004b |||||||| |||| 00| 0 eng d
020 _a9781844651030 (hbk)
_c3412.34
024 _a100098
037 _b29041, 01/01/2010, Segment Book Distributors
_cTextual
040 _aCRL
_cCRL
_beng
041 _2eng
_aeng
082 _aR3xM44:g, P7
100 _aOwen David
245 0 _aNietzsche's genealogy of morality
260 _aLondon
_bAcumen UK
_c2007
300 _axii,179p.
_ccm.
650 _aPHILOSOPHY
942 _hR3xM44:g, P7
_cTEXL
_2cc
999 _c958289
_d958289